| 000 | 00408nam a2200157Ia 4500 | ||
|---|---|---|---|
| 008 | 221030s9999 xx 000 0 und d | ||
| 020 | _a8180548772 | ||
| 041 | _aEnglish | ||
| 082 | _a105.23 | ||
| 100 | _aSatya Prakash | ||
| 245 | 0 |
_aMathematical Physics with Classical Mechanics _cby Satya Prakash |
|
| 260 |
_bSultan Chand &Sons _aNew Delhi _c2012 |
||
| 300 | _a1587 | ||
| 650 | _aPhysics | ||
| 942 | _cBK | ||
| 999 |
_c10198 _d10198 |
||